000 01146nam a2200313 i 4500
001 000044416
003 DO-SdBNP
005 20251117130035.0
007 ta
008 140630s2002 dr a 000 0 spa d
020 _a9993423378
040 _aDO-SdBNP
_bspa
_cBNPHU
_erda
041 _aspa
082 4 _axxx
_bxxx
_222
100 1 _aMoya, Rita de,
_eautor
_4aut.
_954102
245 1 0 _aPuros cuentos /
_cRita de Moya ; ilustraciones, Rita Victoria, Estefanía y Teresita Grimaldi De Moya, Pablo y carolina Grimaldi H.
264 1 _aSanto Domingo :
_bAmigo del Hogar,
_c2002.
300 _a135 páginas :
_bilustraciones ;
_c22 cm.
336 _atexto
_btxt
_2rdacontent
337 _asin mediación
_bn
_2rdamedia
338 _avolumen
_bnc
_2rdacarrier
590 _aInventariado, 2025/BT
700 1 _aGrimaldi De Moya, Rita Victoria,
_eilustrador
_4il.
_988798
700 1 _aGrimaldi De Moya, Estefanía,
_eilustrador
_4il.
_988799
700 1 _aGrimaldi De Moya, Teresita,
_eilustrador
_4il.
_988800
700 1 _aGrimaldi H., Pablo,
_eilustrador
_4il.
_988801
700 1 _aGrimaldi H. Carolina,,
_eilustrador
_4il.
_988802
942 _2ddc
_cLBS1
999 _c43905
_d43905